ბათუმის შოთა რუსთაველის სახელმწიფო უნივერსიტეტის ბიბლიოთეკა

Время и современная физика (ბიბ.ჩანაწერი № 48214)

000 -LEADER
fixed length control field 00559nam a2200193Ia 4500
001 - CONTROL NUMBER
control field 15096
003 - CONTROL NUMBER IDENTIFIER
control field GE_BSU
008 - FIXED-LENGTH DATA ELEMENTS--GENERAL INFORMATION
fixed length control field 181216s||||||||xx |||||||||||||| ||und||
040 ## - CATALOGING SOURCE
Transcribing agency GE_BSU
080 ## - UNIVERSAL DECIMAL CLASSIFICATION NUMBER
Universal Decimal Classification number 530
245 ## - TITLE STATEMENT
Title Время и современная физика
245 ## - TITLE STATEMENT
Statement of responsibility, etc. Пер. с франц.Г.А.Зайцева. Под. ред.Д.А.Франк-Каменского
260 ## - PUBLICATION, DISTRIBUTION, ETC.
Place of publication, distribution, etc. Москва
260 ## - PUBLICATION, DISTRIBUTION, ETC.
Name of publisher, distributor, etc. Мир
260 ## - PUBLICATION, DISTRIBUTION, ETC.
Date of publication, distribution, etc. 1970
300 ## - PHYSICAL DESCRIPTION
Extent 151стр.20см.
653 ## - INDEX TERM--UNCONTROLLED
Uncontrolled term Время и современная физика
942 ## - ADDED ENTRY ELEMENTS (KOHA)
Koha item type წიგნი
ეგზემპლარები
Withdrawn status Lost status Damaged status Not for loan Date acquired Barcode Date last seen Price effective from Koha item type
        2018-12-17 18160 2018-12-17 2018-12-17 წიგნი